000 00409nam a2200181Ia 4500
001 15272
005 20260306165015.0
008 260306t2014||||xx |||||||||||||| ||spa||
041 _aESP
082 _a531.11
_bM43
100 _aMeriam, J. L.
_eAUT
245 0 _aMecánica para ingenieros:
_bdinámica
260 _c2014
300 _a
_c
650 _aGEN
654 _aCCN
942 _cLIB
_dJUS
_fJUS
_2ddc
_n
999 _c15272
_d15272